000
00326nam a2200133Ia 4500
005
20251222141835.0
008
251222s9999||||xx |||||||||||||| ||spa||
020
_a
84-9734-341-7
082
_a
922.21/B26
100
_a
Bastante, Jesús
245
0
_a
Benedicto XVI, el Nuevo Papa
264
_b
La Esfera de Libros
942
_c
LIB
999
_c
7249
_d
7249